[Event "RUS SFO-ch"]
[Site "Zheleznogorsk"]
[Date "2016.02.14"]
[Round "2"]
[White "Malezkey, Vladimir"]
[Black "Sambursky, Vladimir"]
[Result "0-1"]
[WhiteElo "2018"]
[BlackElo "2138"]
[PlyCount "100"]
[EventDate "2016.02.13"]
[EventType "swiss"]
[EventRounds "9"]
[EventCountry "RUS"]
[SourceTitle "CBM 171 Extra"]
[Source "ChessBase"]
[SourceDate "2016.04.26"]
[SourceVersion "1"]
[SourceVersionDate "2016.04.26"]
[SourceQuality "1"]

1. d4 d5 2. Nf3 Bf5 3. c4 e6 4. Nc3 Nf6 5. Qb3 Nc6 6. cxd5 exd5 7. a3 Na5 8. Qa4+ c6 9. e3 b5 10. Nxb5 cxb5 11. Bxb5+ Nd7 12. Ne5 Nc4 13. Nxc4 dxc4 14. Bxc4 Be7 15. Bd5 Rc8 16. e4 0-0 17. Qxa7 Bg6 18. 0-0 Nf6 19. Bb7 Rc7 20. e5 Ne8 21. Qa6 Qxd4 22. Bf3 Qxe5 23. g3 Qf6 24. Qxf6 Nxf6 25. Bf4 Rd7 26. Bc6 Ra7 27. b4 Be4 28. Bxe4 Nxe4 29. Rfe1 f5 30. f3 Nc3 31. Be5 Bf6 32. f4 Ne4 33. b5 Bxe5 34. fxe5 Rb8 35. a4 Kf7 36. Rec1 Ke6 37. Rc6+ Kxe5 38. b6 Ra5 39. Rb1 Rb7 40. Rc7 Rb8 41. Rxg7 Rxa4 42. Rb5+ Kf6 43. Rxh7 Ra1+ 44. Kg2 Ra2+ 45. Kg1 Rd8 46. Rb1 Ng5 47. Ra7 Nf3+ 48. Kf1 Nxh2+ 49. Kg1 Nf3+ 50. Kf1 Rxa7 0-1

[Event "Abakan Khakassia-ch"]
[Site "Abakan"]
[Date "2014.02.27"]
[Round "7"]
[White "Shoev, Kirill"]
[Black "Sambursky, Vladimir"]
[Result "1-0"]
[WhiteElo "2306"]
[BlackElo "2213"]
[PlyCount "75"]
[EventDate "2014.02.22"]
[EventType "swiss"]
[EventRounds "9"]
[EventCountry "RUS"]
[SourceTitle "CBM 159 Extra"]
[Source "ChessBase"]
[SourceDate "2014.04.24"]
[SourceVersion "1"]
[SourceVersionDate "2014.04.24"]
[SourceQuality "1"]

1. d4 Nf6 2. Nf3 e6 3. e3 c5 4. Bd3 d5 5. b3 b6 6. Qe2 Bb7 7. Bb2 Bd6 8. 0-0 0-0 9. Ne5 Nc6 10. a3 Qc7 11. f4 Ne7 12. Nd2 Ne4 13. Rf3 f6 14. Rh3 Bxe5 15. Bxe4 dxe4 16. dxe5 f5 17. Qh5 h6 18. Nc4 Bc6 19. Nd6 Be8 20. Qh4 Bg6 21. c4 Rad8 22. Kh1 Rd7 23. Rg1 Nc6 24. g4 Qd8 25. gxf5 Qxh4 26. Rxh4 Bxf5 27. Rxh6 Re7 28. Rh5 Rd7 29. Bc3 Ne7 30. Rhg5 g6 31. R5g2 Kh7 32. Be1 Bh3 33. Rg5 Bf5 34. Bh4 Ng8 35. Nxf5 exf5 36. Rxg6 Nh6 37. e6 Rd2 38. e7 1-0

[Event "Abakan op"]
[Site "Abakan"]
[Date "2013.12.08"]
[Round "9"]
[White "Sambursky, Vladimir"]
[Black "Kokov, Georgy"]
[Result "1/2-1/2"]
[WhiteElo "2242"]
[BlackElo "2034"]
[PlyCount "106"]
[EventDate "2013.11.30"]
[EventType "swiss"]
[EventRounds "9"]
[EventCountry "RUS"]
[SourceTitle "EXT 2015"]
[Source "ChessBase"]
[SourceDate "2014.11.20"]
[SourceVersion "1"]
[SourceVersionDate "2014.11.20"]
[SourceQuality "1"]

1. e4 e5 2. Nf3 Nc6 3. Bb5 a6 4. Ba4 d6 5. c3 Nf6 6. Qe2 Be7 7. 0-0 0-0 8. Rd1 b5 9. Bc2 Bg4 10. d3 d5 11. h3 Bxf3 12. Qxf3 d4 13. Nd2 Nd7 14. Nf1 Bg5 15. Ng3 Bxc1 16. Raxc1 g6 17. Qg4 Nf6 18. Qg5 Ne8 19. Qh6 Qf6 20. Bb3 Na5 21. cxd4 exd4 22. Rc5 Nxb3 23. axb3 Ng7 24. e5 Qe6 25. Ne4 Nf5 26. Qf4 Qxb3 27. Rd2 Kg7 28. g4 Nh6 29. Qf6+ Kg8 30. Rxc7 Rac8 31. Nc5 Qd5 32. Qd6 Qf3 33. Nd7 Qxh3 34. Nxf8 Qxg4+ 35. Kf1 Rxf8 36. Qd5 Qf4 37. Re2 Nf5 38. Ke1 h5 39. Qc6 Ng7 40. Re4 Qg5 41. Qc1 Qxc1+ 42. Rxc1 Ne6 43. b4 Ra8 44. Ra1 Rc8 45. Rxa6 Rc1+ 46. Kd2 Rb1 47. Rxe6 fxe6 48. Rxd4 g5 49. Rd7 Rxb4 50. Re7 Rf4 51. Ke3 h4 52. Rxe6 Kg7 53. Rb6 Rb4 1/2-1/2

[Event "Abakan op"]
[Site "Abakan"]
[Date "2013.12.02"]
[Round "3"]
[White "Sambursky, Vladimir"]
[Black "Malyshev, Sergey"]
[Result "1/2-1/2"]
[WhiteElo "2242"]
[BlackElo "2248"]
[PlyCount "118"]
[EventDate "2013.11.30"]
[EventType "swiss"]
[EventRounds "9"]
[EventCountry "RUS"]
[SourceTitle "EXT 2015"]
[Source "ChessBase"]
[SourceDate "2014.11.20"]
[SourceVersion "1"]
[SourceVersionDate "2014.11.20"]
[SourceQuality "1"]

1. e4 e5 2. Nf3 Nc6 3. Bb5 a6 4. Ba4 Nf6 5. d3 d6 6. c3 Be7 7. 0-0 0-0 8. h3 b5 9. Bc2 d5 10. Qe2 d4 11. Bg5 Be6 12. Nbd2 h6 13. Bxf6 Bxf6 14. Bb3 dxc3 15. bxc3 Bd7 16. Rfd1 Na5 17. d4 Qe7 18. dxe5 Bxe5 19. Nxe5 Qxe5 20. Nf3 Qe7 21. Bc2 Bc6 22. Nd4 Rfe8 23. Re1 Qg5 24. Rad1 Bb7 25. Nf5 Re5 26. h4 Qf6 27. f4 Rxf5 28. exf5 Nc4 29. Qg4 Qxc3 30. f6 Qxf6 31. Rd7 Rf8 32. Qf5 Qb6+ 33. Kh2 g6 34. Qd3 Qf2 35. Qe2 Qxh4+ 36. Kg1 Qxf4 37. Bb3 Bc6 38. Re7 Bd5 39. Qf2 Qxf2+ 40. Kxf2 c6 41. Ra7 a5 42. Bxc4 Bxc4 43. Rxa5 Rd8 44. a3 Rd2+ 45. Kg3 Bd5 46. Rg1 Kg7 47. Ra6 Ra2 48. Ra5 h5 49. Ra6 g5 50. Ra7 Kg6 51. Kh3 h4 52. g4 Rf2 53. Ra6 f6 54. a4 b4 55. Rb6 b3 56. a5 Ra2 57. a6 Kh6 58. Re1 Kg6 59. Re7 Bc4 1/2-1/2

[Event "Abakan op"]
[Site "Abakan"]
[Date "2013.12.01"]
[Round "2"]
[White "Uskov, Nikita"]
[Black "Sambursky, Vladimir"]
[Result "0-1"]
[WhiteElo "1833"]
[BlackElo "2242"]
[PlyCount "68"]
[EventDate "2013.11.30"]
[EventType "swiss"]
[EventRounds "9"]
[EventCountry "RUS"]
[SourceTitle "EXT 2015"]
[Source "ChessBase"]
[SourceDate "2014.11.20"]
[SourceVersion "1"]
[SourceVersionDate "2014.11.20"]
[SourceQuality "1"]

1. d4 f5 2. Nf3 Nf6 3. c4 e6 4. e3 d5 5. Be2 c6 6. 0-0 Bd6 7. Ne5 0-0 8. f4 Nbd7 9. Nd2 Ne4 10. Nxe4 fxe4 11. Bd2 Nxe5 12. dxe5 Be7 13. b4 a5 14. b5 d4 15. exd4 Qxd4+ 16. Kh1 e3 17. Be1 Rxf4 18. Qxd4 Rxd4 19. bxc6 bxc6 20. Bc3 Rd7 21. Rab1 Bc5 22. Bf3 Bb7 23. Bg4 Re8 24. Rfd1 Rxd1+ 25. Rxd1 Ba6 26. Be2 Bb4 27. Bxb4 axb4 28. g3 Rf8 29. Rf1 Rxf1+ 30. Bxf1 c5 31. Be2 Bb7+ 32. Kg1 Be4 33. h4 Bb1 34. Kg2 Bxa2 0-1

[Event "Sibiria Region-ch Seniors"]
[Site "Prokopevsk"]
[Date "2012.03.12"]
[Round "1"]
[White "Sambursky, Vladimir"]
[Black "Pesniak, Nikolai"]
[Result "1-0"]
[WhiteElo "2285"]
[BlackElo "2025"]
[PlyCount "79"]
[EventDate "2012.03.12"]
[EventType "swiss"]
[EventRounds "9"]
[EventCountry "RUS"]
[SourceTitle "EXT 2013"]
[Source "ChessBase"]
[SourceDate "2012.11.22"]
[SourceVersion "1"]
[SourceVersionDate "2012.11.22"]
[SourceQuality "1"]

1. e4 c5 2. Nf3 a6 3. c4 g6 4. Nc3 Bg7 5. d4 cxd4 6. Nxd4 Nc6 7. Be3 Nf6 8. Be2 0-0 9. Qd2 d6 10. f3 Re8 11. 0-0-0 Qa5 12. Kb1 Rb8 13. g4 Nxd4 14. Bxd4 Be6 15. h4 b5 16. h5 bxc4 17. hxg6 fxg6 18. g5 Nh5 19. Bxg7 Kxg7 20. f4 Ng3 21. Qd4+ Kg8 22. Bxc4 Bxc4 23. Qxc4+ e6 24. Rh2 d5 25. exd5 Rec8 26. Qa4 Qxc3 27. Qd7 Qg7 28. Qxe6+ Kh8 29. d6 Rd8 30. d7 Nf5 31. Re2 h5 32. gxh6 Qxh6 33. Qe5+ Kh7 34. Qxb8 Rxb8 35. Re8 Rxb2+ 36. Kxb2 Qh2+ 37. Kb1 Nd4 38. Rxd4 Qg1+ 39. Kc2 Qxd4 40. d8Q 1-0

[Event "RUS-ch Seniors"]
[Site "Odintsovo"]
[Date "2011.04.20"]
[Round "2"]
[White "Filipenko, Alexander V"]
[Black "Sambursky, Vladimir"]
[Result "1-0"]
[WhiteElo "2344"]
[BlackElo "2229"]
[PlyCount "77"]
[EventDate "2011.04.19"]
[EventType "swiss"]
[EventRounds "9"]
[EventCountry "RUS"]
[SourceTitle "CBM 142 Extra"]
[Source "ChessBase"]
[SourceDate "2011.06.27"]
[SourceVersion "1"]
[SourceVersionDate "2011.06.27"]
[SourceQuality "1"]

1. e4 e5 2. Nf3 Nc6 3. Bb5 Bb4 4. c3 Ba5 5. Na3 d6 6. Nc4 Bb6 7. d4 exd4 8. cxd4 Bd7 9. 0-0 Nge7 10. a4 a6 11. Nxb6 cxb6 12. Bc4 0-0 13. h3 Rc8 14. Bf4 Be8 15. d5 Ne5 16. Bb3 Nxf3+ 17. Qxf3 Ng6 18. Bg3 Qe7 19. Qe3 Rc5 20. Qd4 Bd7 21. f4 f6 22. e5 Bf5 23. e6 Qc7 24. Bf2 Ne7 25. Qd2 Bc2 26. Ba2 Bxa4 27. Rfc1 Rc2 28. Rxc2 Qxc2 29. Qb4 Rc8 30. Re1 Bb5 31. Qxd6 Nf5 32. Qa3 Qc7 33. g4 Nd6 34. Qe3 Qc5 35. Qg3 Qb4 36. f5 Bc4 37. Bxc4 Rxc4 38. e7 Kf7 39. Qxd6 1-0

[Event "Khakasia-ch"]
[Site "Abakan"]
[Date "2009.03.29"]
[Round "7"]
[White "Sambursky, Vladimir"]
[Black "Kozlitin, Roman"]
[Result "0-1"]
[WhiteElo "2244"]
[BlackElo "2258"]
[PlyCount "90"]
[EventDate "2009.03.21"]
[EventType "tourn"]
[EventRounds "9"]
[EventCountry "RUS"]
[SourceTitle "EXT 2022"]
[Source "ChessBase"]
[SourceDate "2021.10.06"]
[SourceVersion "1"]
[SourceVersionDate "2021.10.06"]
[SourceQuality "1"]

1. b3 e5 2. Bb2 Nc6 3. e3 Nf6 4. Bb5 d6 5. Ne2 Be7 6. 0-0 0-0 7. f4 e4 8. Ng3 d5 9. h3 a6 10. Bxc6 bxc6 11. d3 exd3 12. cxd3 Bc5 13. Re1 Re8 14. Nf1 a5 15. Nbd2 Ba6 16. Nf3 a4 17. Rc1 Bb4 18. Re2 a3 19. Be5 c5 20. Ng3 d4 21. exd4 Nd5 22. dxc5 f6 23. Re4 fxe5 24. fxe5 Nc3 25. Rxb4 Nxd1 26. Rxd1 Qd5 27. Ne4 Rxe5 28. Rd4 Qe6 29. Re1 Rd5 30. Ra4 Qc6 31. d4 Bb5 32. Rxa8+ Qxa8 33. Nc3 Bc6 34. Nxd5 Bxd5 35. Re3 Bxf3 36. gxf3 Qd5 37. Re4 Qg5+ 38. Rg4 Qc1+ 39. Kh2 Qd2+ 40. Rg2 Qf4+ 41. Kg1 Qxd4+ 42. Kf1 Qxc5 43. Re2 Qh5 44. Kg2 Qg5+ 45. Kf2 h5 0-1

[Event "Khakasia-ch"]
[Site "Abakan"]
[Date "2009.03.23"]
[Round "3"]
[White "Sambursky, Vladimir"]
[Black "Butanaev, VV."]
[Result "1-0"]
[WhiteElo "2244"]
[BlackElo "1981"]
[PlyCount "101"]
[EventDate "2009.03.21"]
[EventType "tourn"]
[EventRounds "9"]
[EventCountry "RUS"]
[SourceTitle "EXT 2022"]
[Source "ChessBase"]
[SourceDate "2021.10.06"]
[SourceVersion "1"]
[SourceVersionDate "2021.10.06"]
[SourceQuality "1"]

1. e4 e5 2. Nf3 Nc6 3. Bb5 a6 4. Ba4 Be7 5. 0-0 d6 6. d4 b5 7. Bb3 Nf6 8. c3 Bg4 9. Be3 0-0 10. h3 Bh5 11. Nbd2 Re8 12. d5 Na5 13. Bc2 c5 14. b4 cxb4 15. cxb4 Nc4 16. Nxc4 bxc4 17. Qe2 Rc8 18. Rfb1 Qd7 19. a4 Qb7 20. Ra3 Rc7 21. Rc3 Rec8 22. g4 Bg6 23. Nd2 h5 24. f3 Nh7 25. Rxc4 Bg5 26. Bd3 Bxe3+ 27. Qxe3 Rxc4 28. Nxc4 Qe7 29. Kg2 Qh4 30. Qd2 Rd8 31. b5 Ng5 32. Rh1 axb5 33. axb5 Nh7 34. b6 Rb8 35. Qb4 Qe7 36. Na5 Qg5 37. Re1 h4 38. Qxd6 Rf8 39. Nc4 f6 40. Qc5 Qf4 41. Qf2 Rb8 42. Qxh4 Be8 43. Rb1 Bd7 44. b7 f5 45. Qg3 g5 46. Qxf4 exf4 47. e5 fxg4 48. hxg4 Nf8 49. Be4 Be8 50. Na5 Nd7 51. Nc6 1-0